INFORME FIANAL DEL EJERCICIO PROFESIONAL SUPERVISADO, DISEÑO DE CARRETERA RURAL YY PUENTE, COMUNIDAD EL NAZARENO, IXCÁN, QUICHÉ Y DISEÑO DE SISTEMA DE ALCATARILLADO SANITARIO, ZONA 4, IXCÁN PLAYA GRANDE, QUICHÉ./ (Registro nro. 2063)

Detalles MARC
000 -LEADER
campo de control de longitud fija 03249nam a22003377a 4500
001 - NÚMERO DE CONTROL
campo de control TIC 0026
003 - IDENTIFICADOR DE NÚMERO DE CONTROL
campo de control gtcocun
005 - FECHA Y HORA DE LA ÚLTIMA TRANSACCIÓN
campo de control 20250922192334.0
006 - CÓDIGOS DE INFORMACIÓN DE LONGITUD FIJA--CARACTERÍSTICAS DEL MATERIAL ADICIONAL
campo de control de longitud fija a||||gr|||| 00| 0
007 - CAMPO FIJO DE DESCRIPCIÓN FÍSICA--INFORMACIÓN GENERAL
campo de control de longitud fija ta
008 - DATOS DE LONGITUD FIJA--INFORMACIÓN GENERAL
campo de control de longitud fija 250922b2023 gt ||||| m||| 00| 0 eng d
040 ## - FUENTE DE CATALOGACIÓN
Centro catalogador/agencia de origen gtcocun
Lengua de catalogación SPA
Centro/agencia transcriptor gtcocun
Normas de descripción RDA
041 ## - CÓDIGO DE IDIOMA
Código de lengua del texto/banda sonora o título independiente SPA TIC 0026
084 ## - OTRO NÚMERO DE CLASIFICACIÓN
Número de control del registro de autoridad o número normalizado TIC 0026
100 ## - ENTRADA PRINCIPAL--NOMBRE DE PERSONA
Nombre de persona Guzmán Ralios, Erick Gregorio
Término indicativo de función/relación Autor
245 ## - MENCIÓN DEL TÍTULO
Título INFORME FIANAL DEL EJERCICIO PROFESIONAL SUPERVISADO, DISEÑO DE CARRETERA RURAL YY PUENTE, COMUNIDAD EL NAZARENO, IXCÁN, QUICHÉ Y DISEÑO DE SISTEMA DE ALCATARILLADO SANITARIO, ZONA 4, IXCÁN PLAYA GRANDE, QUICHÉ./
Mención de responsabilidad, etc. Erick Gregorio Guzmán Ralios.
Medio Impreso
264 ## - PRODUCCIÓN, PUBLICACIÓN, DISTRIBUCIÓN, FABRICACIÓN Y COPYRIGHT
Producción, publicación, distribución, fabricación y copyright Cobán, Alta Verapaz:
Nombre del de productor, editor, distribuidor, fabricante Universidad de San Carlos de Guatemala, Centro Universitario del Norte, Ingeniería Civil
Fecha de producción, publicación, distribución, fabricación o copyright 2023
300 ## - DESCRIPCIÓN FÍSICA
Extensión 163 p.:
Otras características físicas Ilustraciones, gráficas.
Dimensiones 28 cm;
300 ## - DESCRIPCIÓN FÍSICA
Dimensiones PDF
336 ## - TIPO DE CONTENIDO
Fuente rdacontenido
Término de tipo de contenido Texto
Código de tipo de contenido txt
337 ## - TIPO DE MEDIO
Fuente rdamedio
Nombre/término del tipo de medio Computadora
Código del tipo de medio n
338 ## - TIPO DE SOPORTE
Fuente rdasoporte
Nombre/término del tipo de soporte Código en línea
Código del tipo de soporte cr
502 ## - NOTA DE TESIS
identificador de la tesis TIC 0026
502 ## - NOTA DE TESIS
Nota de tesis Tesis de grado
Tipo de título Ingeniería Civil,
Nombre de la institución que otorga el título Universidad de San Carlos de Guatemala, Centro Universitario del Norte, Ingeniería Civil
Año de obtención del título 2023
Identificador de la tesis TIC 0026
520 14 - RESUMEN, ETC.
Sumario, etc. El municipio dista de la ciudad capital 374 Km vía Cobán Chisec, de los cuales 366 km<br/>son asfaltados y 8 son de terracería, tramo que se pone en malas condiciones por el clima lluvioso. Cabe mencionar que existe una ruta alterna que tiene 350km de la ciudad capital hacia la cabecera municipal de Ixcán, vía Cobán- Cubilhuitz, aldea Salacuin, de los cuales 272 km las carreteras están asfaltadas y 78 km son de terracería.<br/><br/>Actualmente existen diversas necesidades que afectan a la población guatemalteca, tanto en sus necesidades básicas como en los servicios básicos, Ixcán, Quiché no es la excepción, hay muchas necesidades en servicios que deben de ser atendidas, y de esta manera dar solución a los problemas. La comunidad el nazareno al no contar con una vía de acceso se vean afectados por diferentes dificultades, principalmente la dificultad es el transitar por sus veredas y poder llevar sus productos agrícolas a la venta, lo que hace que el diseño de<br/>una carretera de una solución a sus necesidades.<br/><br/>La gestión inadecuada de las aguas residuales peligrosas, patógenos y domiciliares, son un problema que se debe de tratar en todo el municipio, ya que esta situación viene empeorando la contaminación del aire, suelos y aguas a nivel municipal. La zona cuatro se<br/>encuentra a pocos kilómetros del casco urbano, se tiene como necesidad prioritaria el diseño del sistema de alcantarillado sanitario, para que los habitantes puedan tener una mejor calidad de vida; ya que al no poseer un adecuado manejo de las aguas residuales se corre el peligro que enfermedades afecten drásticamente la salud en general.
650 14 - PUNTO DE ACCESO ADICIONAL DE MATERIA--TÉRMINO DE MATERIA
Fuente del encabezamiento o término LEMB
Término de materia o nombre geográfico como elemento de entrada Ixcán, Playa Grande, Quiché.
Subdivisión general Ingeniería
-- Inadecuada
-- Dificultad
-- Acceso
-- Transito
-- Calidad
700 ## - ENTRADA AGREGADA--NOMBRE PERSONAL
Nombre de persona Ing. Civil Marlon Alexander Moran Castro
Término indicativo de función/relación Asesor
856 ## - LOCALIZACIÓN Y ACCESO ELECTRÓNICOS
Identificador Uniforme de Recurso <a href="https://drive.google.com/file/d/1GK-EvetjBNVpN6tN2I1xG9DgkdeQuneb/view">https://drive.google.com/file/d/1GK-EvetjBNVpN6tN2I1xG9DgkdeQuneb/view</a>
Texto de enlace PDF
Nota pública Un ejemplar en línea.
942 ## - ELEMENTOS DE ENTRADA SECUNDARIOS (KOHA)
Fuente de la clasificación o esquema de estantería Clasificación Decimal Dewey
Tipo de ítem Koha TESIS
Parte de la signatura que identifica el ejemplar (Parte del ítem) TIC 0026
Prefijo de la signatura Clasificación
Suprimir en OPAC No
-- TIC_0026_000000000000000
Existencias
Estatus retirado Estado de pérdida Fuente de la clasificación o esquema de estantería Estado de daño No para préstamo Colección Biblioteca de origen Biblioteca actual Ubicación en estantería Fecha de adquisición Número de inventario Total de préstamos Signatura topográfica completa Código de barras Visto por última vez Precio de reemplazo Tipo de ítem Koha
    Clasificación Decimal Dewey     tesis BIBLIOTECA- CUNOR -JOSÉ LUIS GONZALES ROSALES BIBLIOTECA- CUNOR -JOSÉ LUIS GONZALES ROSALES Colección tesis 16/09/2025 TIC 0026   TIC 0026 TIC 0026 16/09/2025 16/09/2025 TESIS